[Event "XI Paracin Festival 2018"]
[Site "Paracin"]
[Date "2018.07.13"]
[Round "9"]
[White "Gadimbayli, Abdulla"]
[Black "Harvey, Marcus R"]
[Result "1/2-1/2"]
[WhiteElo "2420"]
[BlackElo "2362"]
[Annotator "TA"]
[PlyCount "151"]
[EventDate "2018.07.06"]
[EventType "swiss"]
[EventCountry "SRB"]
[SourceTitle "playchess.com"]
[Source "ChessBase"]
[SourceQuality "1"]

{[%evp 9,151,23,30,17,31,27,19,18,20,4,11,7,13,0,4,0,6,0,0,0,-6,-4,22,22,20,19,11,0,2,0,21,20,20,20,27,0,0,0,0,7,0,-15,-4,-14,-27,-16,0,-8,-12,-15,-17,-27,-19,-29,-19,-23,-20,-58,-11,-65,-6,-65,-65,-65,-65,-65,-65,-65,-65,-67,-77,-81,-65,-83,-63,-63,-63,-63,-63,-63,-63,-65,-63,-65,-38,-65,-38,-65,-38,-45,-45,-45,-45,-93,0,-100,-52,-100,-100,-100,-100,-100,-100,-100,-100,-100,0,-100,0,-100,-100,-100,0,0,0,-18,0,0,0,0,0,0,0,0,0,0,0,0,0,0,0,0,0,0,0,0,0,0,0,0,0,0,0,0]} 1. e4 e6 2. d4 d5 3. Nd2 h6 (3... Be7 4. c3 c5 5. exd5 Qxd5 6. Ngf3 Nf6 7. Bc4 Qd8 8. dxc5 Bxc5 9. Qe2 O-O 10. O-O Nbd7 11. Ne4 Be7 12. Bf4 Nxe4 13. Qxe4 {0-1 (50) Svidler,P (2753)-Yu,Y (2759) Shenzhen 2018}) 4. c3 c5 5. exd5 Qxd5 {LiveBook: 7 Games} 6. dxc5 {C03: French Tarrasch: Unusual Black 3rd moves} Bxc5 7. Ngf3 Nf6 8. Bc4 Qh5 9. O-O $146 (9. Be2 {is interesting.} O-O 10. Nc4 Nc6 11. Ng5 Qg6 12. Bd3) ({Predecessor:} 9. Qe2 Nc6 10. Nb3 Bb6 11. Bf4 {0-1 (32) Panchenko,D (2419)-Andreikin,D (2552) Riazan 2007}) 9... O-O 10. Qe2 Bb6 11. Bd3 Nbd7 12. h3 Rd8 13. Re1 Bc7 14. Nf1 Ne5 15. Nxe5 Qxe2 16. Bxe2 {[#] Hoping for Bf3.} Bxe5 17. Bf3 Bc7 18. b3 Nd5 {[%cal Bf6d5,Bd5f4,Bf4d3][%mdl 32]} 19. Bb2 Nf4 20. Red1 Nd3 21. Ba3 Ne5 22. Be4 f5 23. Bc2 b5 24. Rxd8+ Bxd8 25. Bb2 Bf6 26. a4 bxa4 27. Rxa4 Bd7 28. Ra2 a5 29. Ng3 Nc6 30. Ne2 Rb8 31. Bc1 Kf7 32. Bd2 e5 33. c4 e4 34. Nf4 ({White should try} 34. Bd1 $11) 34... Be5 (34... Nd4 $15 35. Bd1 Nxb3 36. Bxb3 Rxb3 37. Rxa5 g5) 35. Nd5 (35. Bd1 $11) 35... Nd4 $15 36. Bxa5 Nxc2 37. Rxc2 Rxb3 {[#] ( -> ...Rb1+)} 38. g3 Rb1+ 39. Kh2 Ba4 40. Re2 Bc6 41. Rc2 Bxd5 42. cxd5 $17 {[%mdl 4096] Endgame KRB-KRB} Rb5 43. Bc7 Rxd5 44. Bxe5 Rxe5 $15 {KR-KR} 45. h4 Kf6 46. Kg2 Re6 47. Rc5 g6 48. Ra5 Rb6 49. Kf1 g5 50. hxg5+ hxg5 51. Ra8 Kg6 (51... g4 $17 52. Ke2 Rc6) 52. Kg2 (52. g4 $1 $11 {remains equal.}) 52... Rb2 53. Re8 Kh5 54. Re7 Kg4 55. Re5 Ra2 56. Re8 Re2 57. Re7 Ra2 58. Re8 $1 Kh5 (58... Ra4 $17 {Threatens to win with ...Ra2.} 59. Rc8 Ra2) 59. Re7 (59. Re5 $11) 59... Ra4 60. Re6 f4 ({Better is} 60... Ra5 $17 61. Kf1 Ra2) 61. gxf4 $11 {The position is equal.} gxf4 62. Re8 f3+ 63. Kg3 Kg5 64. Re5+ Kf6 65. Re8 Kf5 66. Rb8 Ra5 67. Rf8+ Ke5 68. Re8+ Kf5 69. Rf8+ Kg5 70. Rg8+ Kf6 71. Kf4 Kf7 72. Rg1 Ra2 73. Kxe4 Rxf2 74. Rg3 Kf6 75. Rxf3+ Rxf3 76. Kxf3 {Precision: White = 48%, Black = 62%.} 1/2-1/2

[Event "XI Paracin Festival 2018"]
[Site "Paracin"]
[Date "2018.07.13"]
[Round "9"]
[White "Abramovic, Bosko"]
[Black "Ivic, Velimir"]
[Result "0-1"]
[WhiteElo "2409"]
[BlackElo "2432"]
[Annotator "NA RC"]
[PlyCount "76"]
[EventDate "2018.07.06"]
[EventType "swiss"]
[EventCountry "SRB"]
[SourceTitle "playchess.com"]
[Source "ChessBase"]
[SourceQuality "1"]
[TimeControl "5400+30"]

1. g3 {[%emt 0:00:00]} Nf6 {[%emt 0:01:08]} 2. Bg2 {[%emt 0:00:00]} g6 {[%emt 0:00:11]} 3. d4 {[%emt 0:01:19]} Bg7 {[%emt 0:00:14]} 4. e4 {[%emt 0:00:13]} d6 {[%emt 0:00:05]} 5. Nc3 {[%emt 0:00:04]} O-O {[%emt 0:00:06]} 6. Nge2 {[%emt 0:00:08]} e5 {[%emt 0:00:55]} 7. h3 {[%emt 0:00:12]} Nc6 {[%emt 0:01:29]} 8. Be3 {[%emt 0:00:08]} exd4 {[%emt 0:01:00]} 9. Nxd4 {[%emt 0:00:12]} Bd7 {[%emt 0:00:10]} 10. O-O {[%emt 0:00:09]} Re8 {[%emt 0:00:10]} 11. Re1 {[%emt 0:02:23]} Nxd4 {[%emt 0:01:08]} 12. Bxd4 {[%emt 0:00:08]} c5 {[%emt 0:00:09]} 13. Be3 {[%emt 0:01:31]} Bc6 {[%emt 0:00:06]} 14. Bf4 {[%emt 0:04:42]} Re6 {[%emt 0:01:37]} 15. Qd2 {[%emt 0:05:39]} Qb6 {[%emt 0:18:10]} 16. Rab1 {[%emt 0:15:01]} Rae8 {[%emt 0:05:12]} 17. Bxd6 {[%emt 0:06:56]} Nxe4 {[%emt 0:24:41]} 18. Nxe4 {[%emt 0:01:23]} Bxe4 {[%emt 0:00:09]} 19. Rxe4 {[%emt 0:00:15]} Rxe4 {[%emt 0:00:09]} 20. Bxe4 {[%emt 0:00:11]} Rxe4 {[%emt 0:00:08]} 21. Bf4 {[%emt 0:08:27]} h5 {[%emt 0:05:21]} 22. c3 {[%emt 0:06:57]} Qe6 {[%emt 0:03:18]} 23. Qd3 {[%emt 0:00:46]} Kh7 {[%emt 0:14:25]} 24. Rd1 {[%emt 0:15:21]} h4 {[%emt 0:04:23]} 25. Qf3 {[%emt 0:04:46]} hxg3 {[%emt 0:03:07]} 26. Bxg3 {[%emt 0:00:11]} f5 {[%emt 0:06:26]} 27. Bf4 {[%emt 0:08:34]} Qxa2 {[%emt 0:02:19]} 28. Qg3 {[%emt 0:00:57]} Qf7 {[%emt 0:04:21]} 29. Bg5 {[%emt 0:07:54]} Re8 {[%emt 0:03:02]} 30. Qd6 {[%emt 0:01:21]} b6 {[%emt 0:00:47]} 31. Qc6 {[%emt 0:03:19]} Re6 {[%emt 0:00:26]} 32. Qc8 {[%emt 0:01:03]} f4 {[%emt 0:00:32]} 33. Rd7 {[%emt 0:03:19]} Qf5 {[%emt 0:00:24]} 34. Qd8 {[%emt 0:01:28]} f3 {[%emt 0:00:35]} 35. Bh4 {[%emt 0:01:56]} Qxh3 {[%emt 0:00:31]} 36. Rxg7+ {[%emt 0:00:15]} Kxg7 {[%emt 0:00:01]} 37. Qc7+ {[%emt 0:00:09]} Kh6 {[%emt 0:00:42]} 38. Qf4+ {[%emt 0:00:05]} g5 {[%emt 0:00:48]} 0-1

[Event "XI Paracin Festival 2018"]
[Site "Paracin"]
[Date "2018.07.13"]
[Round "9"]
[White "Djordjevic, Vuk"]
[Black "Sevgi, Volkan"]
[Result "1-0"]
[WhiteElo "2403"]
[BlackElo "2277"]
[Annotator "ChessBase"]
[PlyCount "169"]
[EventDate "2018.07.06"]
[EventType "swiss"]
[EventCountry "SRB"]
[SourceTitle "playchess.com"]
[Source "ChessBase"]
[SourceQuality "1"]
[TimeControl "5400+30"]

1. e4 {[%emt 0:00:00]} c5 {[%emt 0:00:35]} 2. Nc3 {[%emt 0:00:00]} Nc6 {[%emt 0:11:13]} 3. g3 {[%emt 0:00:11]} g6 {[%emt 0:00:39]} 4. Bg2 {[%emt 0:00:08]} Bg7 {[%emt 0:00:02]} 5. d3 {[%emt 0:00:30]} d6 {[%emt 0:00:49]} 6. Nge2 {[%emt 0:01:22]} e5 {[%emt 0:01:20]} 7. O-O {[%emt 0:01:32]} Nge7 {[%emt 0:00:34]} 8. Bg5 {[%emt 0:00:08]} f6 {[%emt 0:04:29]} 9. Be3 {[%emt 0:00:12]} O-O {[%emt 0:00:02]} 10. Qd2 {[%emt 0:01:51]} Nd4 {[%emt 0:00:09]} 11. f4 {[%emt 0:00:18]} f5 {[%emt 0:01:52]} 12. Rab1 {[%emt 0:06:24]} a5 {[%emt 0:05:55]} 13. a4 {[%emt 0:06:23]} Rb8 {[%emt 0:00:05]} 14. Nd5 {[%emt 0:09:55]} Nxe2+ {[%emt 0:08:52]} 15. Qxe2 {[%emt 0:00:03]} Nxd5 {[%emt 0:00:01]} 16. exd5 {[%emt 0:00:09]} Re8 {[%emt 0:00:01]} 17. Qd2 {[%emt 0:01:18]} e4 {[%emt 0:06:19]} 18. dxe4 {[%emt 0:11:48]} fxe4 {[%emt 0:00:07]} 19. c4 {[%emt 0:18:41]} Bf5 {[%emt 0:03:19]} 20. h3 {[%emt 0:01:05]} h5 {[%emt 0:00:11]} 21. Kh2 {[%emt 0:01:23]} b6 {[%emt 0:07:06]} 22. Rbe1 {[%emt 0:07:19]} Rb7 {[%emt 0:01:18]} 23. Qc2 {[%emt 0:05:29]} Rbe7 {[%emt 0:12:14]} 24. Qb3 {[%emt 0:03:43]} Bf6 {[%emt 0:01:32]} 25. Re2 {[%emt 0:03:13]} Rg7 {[%emt 0:03:23]} 26. Rfe1 {[%emt 0:03:19]} Rge7 {[%emt 0:07:33]} 27. Qc2 {[%emt 0:07:09]} Qd7 {[%emt 0:00:15]} 28. Bc1 {[%emt 0:02:02]} Kg7 {[%emt 0:03:46]} 29. Qb3 {[%emt 0:03:32]} Qd8 {[%emt 0:00:13]} 30. Bd2 {[%emt 0:00:41]} Kg8 {[%emt 0:07:56]} 31. Bc3 {[%emt 0:00:22]} Rb7 {[%emt 0:00:01]} 32. Bxe4 {[%emt 0:02:14]} Bxc3 {[%emt 0:00:26]} 33. Qxc3 {[%emt 0:00:42]} Rbe7 {[%emt 0:00:04]} 34. Qf3 {[%emt 0:01:03]} Bxe4 {[%emt 0:04:18]} 35. Rxe4 {[%emt 0:00:01]} Qd7 {[%emt 0:00:32]} 36. Qd3 {[%emt 0:02:48]} Rxe4 {[%emt 0:00:10]} 37. Rxe4 {[%emt 0:00:01]} Rxe4 {[%emt 0:00:01]} 38. Qxe4 {[%emt 0:00:09]} Qg7 {[%emt 0:00:01]} 39. Qe2 {[%emt 0:01:12]} Qd4 {[%emt 0:00:29]} 40. Kg2 {[%emt 0:00:48]} Kf8 {[%emt 0:00:40]} 41. h4 {[%emt 0:00:42]} Qf6 {[%emt 0:00:01]} 42. Qc2 {[%emt 0:00:25]} Kf7 {[%emt 0:00:16]} 43. Qc3 {[%emt 0:00:34]} Qf5 {[%emt 0:00:01]} 44. Kf3 {[%emt 0:00:30]} Qb1 {[%emt 0:00:15]} 45. Ke2 {[%emt 0:00:22]} Qe4+ {[%emt 0:00:16]} 46. Kd1 {[%emt 0:00:21]} Qb1+ {[%emt 0:00:10]} 47. Kd2 {[%emt 0:00:02]} Qf1 {[%emt 0:00:31]} 48. Qd3 {[%emt 0:01:15]} Qa1 {[%emt 0:01:06]} 49. Qb3 {[%emt 0:00:32]} Qg1 {[%emt 0:00:02]} 50. Qd3 {[%emt 0:00:24]} Qa1 {[%emt 0:00:05]} 51. b3 {[%emt 0:00:37]} Qb2+ {[%emt 0:00:29]} 52. Ke1 {[%emt 0:00:12]} Qg2 {[%emt 0:00:16]} 53. Qe3 {[%emt 0:00:16]} Qc2 {[%emt 0:01:03]} 54. Kf1 {[%emt 0:00:12]} Qd1+ {[%emt 0:00:28]} 55. Kf2 {[%emt 0:01:07]} Qc2+ {[%emt 0:00:08]} 56. Qe2 {[%emt 0:00:40]} Qxb3 {[%emt 0:00:19]} 57. f5 {[%emt 0:00:15]} gxf5 {[%emt 0:03:32]} 58. Qxh5+ {[%emt 0:00:01]} Kg7 {[%emt 0:00:14]} 59. Qg5+ {[%emt 0:00:10]} Kh8 {[%emt 0:00:01]} 60. Qh6+ {[%emt 0:00:25]} Kg8 {[%emt 0:00:01]} 61. Qg6+ {[%emt 0:00:04]} Kh8 {[%emt 0:00:06]} 62. Qf6+ {[%emt 0:00:05]} Kg8 {[%emt 0:00:05]} 63. Qxf5 {[%emt 0:00:42]} Qxc4 {[%emt 0:00:01]} 64. Qe6+ {[%emt 0:02:20]} Kg7 {[%emt 0:00:09]} 65. Qe7+ {[%emt 0:00:01]} Kg8 {[%emt 0:00:02]} 66. Qxd6 {[%emt 0:00:45]} Qc2+ {[%emt 0:00:06]} 67. Kf3 {[%emt 0:00:12]} Qd3+ {[%emt 0:01:14]} 68. Kf4 {[%emt 0:00:33]} Qd4+ {[%emt 0:00:01]} 69. Kf5 {[%emt 0:00:58]} Qd3+ {[%emt 0:00:11]} 70. Kg5 {[%emt 0:00:27]} Qd2+ {[%emt 0:00:21]} 71. Kg6 {[%emt 0:00:36]} Qd3+ {[%emt 0:00:10]} 72. Kf6 {[%emt 0:00:17]} Qf3+ {[%emt 0:00:42]} 73. Qf4 {[%emt 0:00:26]} Qc3+ {[%emt 0:01:55]} 74. Ke6 {[%emt 0:00:01]} Qb3 {[%emt 0:02:30]} 75. Qg5+ {[%emt 0:01:01]} Kh7 {[%emt 0:00:00]} 76. Kf6 {[%emt 0:00:37]} Qc3+ {[%emt 0:00:22]} 77. Qe5 {[%emt 0:00:21]} Qf3+ {[%emt 0:01:29]} 78. Qf5+ {[%emt 0:00:20]} Qxf5+ {[%emt 0:00:01]} 79. Kxf5 {[%emt 0:00:05]} Kg7 {[%emt 0:00:01]} 80. Ke4 {[%emt 0:00:22]} b5 {[%emt 0:00:01]} 81. axb5 {[%emt 0:00:10]} a4 {[%emt 0:00:00]} 82. b6 {[%emt 0:00:11]} a3 {[%emt 0:00:01]} 83. b7 {[%emt 0:00:04]} a2 {[%emt 0:00:01]} 84. b8=Q {[%emt 0:00:04]} a1=Q {[%emt 0:00:03]} 85. Qe5+ {[%emt 0:00:06]} 1-0

[Event "XI Paracin Festival 2018"]
[Site "Paracin"]
[Date "2018.07.13"]
[Round "9"]
[White "Rahul Srivatshav P"]
[Black "Gomes, Mary Ann"]
[Result "0-1"]
[WhiteElo "2397"]
[BlackElo "2284"]
[Annotator "NA"]
[PlyCount "72"]
[EventDate "2018.07.06"]
[EventType "swiss"]
[EventCountry "SRB"]
[SourceTitle "playchess.com"]
[Source "ChessBase"]
[SourceQuality "1"]
[TimeControl "5400+30"]

1. d4 Nf6 2. c4 {[%emt 0:00:35]} e6 {[%emt 0:00:06]} 3. Nc3 {[%emt 0:00:06]} Bb4 {[%emt 0:00:06]} 4. e3 {[%emt 0:00:11]} b6 $11 {[%emt 0:00:06] LiveBook: 3744 Partien} 5. Bd2 {[%emt 0:00:08]} Bb7 {[%emt 0:00:07]} 6. Nf3 {[%emt 0:00:10]} Bxc3 {[%emt 0:00:22]} 7. Bxc3 {[%emt 0:00:51]} Ne4 {[%emt 0:00:06]} 8. Qc2 {[%emt 0:04:01]} O-O {[%emt 0:00:51]} 9. Bd3 {[%emt 0:07:47]} f5 {[%emt 0:00:13]} 10. O-O-O {[%emt 0:10:52]} Qe7 {[%emt 0:02:27]} 11. Ne1 {[%emt 0:04:43]} c5 {[%emt 0:04:33]} 12. dxc5 {[%emt 0:04:47]} Nxc3 {[%emt 0:02:00]} 13. Qxc3 {[%emt 0:00:26]} Na6 {[%emt 0:07:06]} 14. cxb6 {[%emt 0:14:09]} axb6 {[%emt 0:00:05]} 15. Kb1 {[%emt 0:03:29]} Nb4 {[%emt 0:10:40]} 16. a3 {[%emt 0:00:09]} Nxd3 {[%emt 0:00:07]} 17. Nxd3 {[%emt 0:00:04]} Bxg2 {[%emt 0:00:42]} 18. Rhg1 {[%emt 0:00:08]} Be4 {[%emt 0:10:17]} 19. Ka2 {[%emt 0:03:22]} Rfc8 {[%emt 0:06:04]} 20. Nf4 {[%emt 0:02:10]} Bf3 {[%emt 0:14:28]} 21. Rd2 {[%emt 0:02:17]} b5 {[%emt 0:03:48]} 22. c5 {[%emt 0:12:10]} e5 {[%emt 0:03:07]} 23. Nd3 {[%emt 0:03:31]} d6 {[%emt 0:02:04]} 24. Qb3+ {[%emt 0:02:15]} Kh8 {[%emt 0:04:56]} 25. Ne1 {[%emt 0:00:43]} Bh5 {[%emt 0:01:42]} 26. cxd6 {[%emt 0:01:23]} Qd7 {[%emt 0:00:28]} 27. Kb1 {[%emt 0:05:52]} Bf7 {[%emt 0:01:22]} 28. Qd3 {[%emt 0:02:59]} b4 {[%emt 0:06:37]} 29. Rc2 {[%emt 0:05:20]} Qe6 {[%emt 0:08:26]} 30. Kc1 {[%emt 0:04:25]} Rd8 {[%emt 0:07:04]} 31. Qb5 {[%emt 0:02:17]} bxa3 {[%emt 0:00:30]} 32. bxa3 {[%emt 0:00:08]} Rxa3 {[%emt 0:00:30]} 33. Nf3 {[%emt 0:00:24]} Ra1+ {[%emt 0:00:57]} 34. Kd2 {[%emt 0:00:06]} Rxg1 {[%emt 0:01:03]} 35. Qxe5 {[%emt 0:00:47]} Rxd6+ {[%emt 0:00:31]} 36. Ke2 {[%emt 0:00:07]} Qc4+ {[%emt 0:00:29]} 0-1

[Event "XI Paracin Festival 2018"]
[Site "Paracin"]
[Date "2018.07.13"]
[Round "9"]
[White "Peng, Shunkai"]
[Black "Colovic, Dusan"]
[Result "1-0"]
[WhiteElo "2390"]
[BlackElo "2279"]
[Annotator "NA"]
[PlyCount "125"]
[EventDate "2018.07.06"]
[EventType "swiss"]
[EventCountry "SRB"]
[SourceTitle "playchess.com"]
[Source "ChessBase"]
[SourceQuality "1"]
[TimeControl "5400+30"]

1. e4 {[%emt 0:00:00]} e5 {[%emt 0:00:00]} 2. Nf3 {[%emt 0:00:00]} Nc6 {[%emt 0:00:00]} 3. Bb5 {[%emt 0:00:11]} Nf6 {[%emt 0:00:00]} 4. d3 {[%emt 0:00:13]} Bc5 $14 {[%emt 0:00:14] LiveBook: 2804 Games} 5. Bxc6 {[%emt 0:00:36]} dxc6 {[%emt 0:00:18]} 6. Qe2 {[%emt 0:00:51]} Qe7 {[%emt 0:00:41]} 7. Nbd2 {[%emt 0:03:17]} Rg8 {[%emt 0:03:18]} 8. c3 {[%emt 0:06:09]} g5 {[%emt 0:08:23]} 9. Nc4 {[%emt 0:03:25]} Nd7 {[%emt 0:01:17]} 10. h3 {[%emt 0:05:28]} f6 {[%emt 0:05:07]} 11. Be3 {[%emt 0:02:36]} Bd6 {[%emt 0:02:09]} 12. O-O-O {[%emt 0:01:31]} Nf8 {[%emt 0:07:37]} 13. g4 {[%emt 0:21:13]} Be6 {[%emt 0:05:48]} 14. d4 {[%emt 0:04:17]} Ng6 {[%emt 0:01:54]} 15. Kb1 {[%emt 0:10:47]} Qf7 {[%emt 0:12:35]} 16. Nxd6+ {[%emt 0:03:21]} cxd6 {[%emt 0:01:37]} 17. b3 {[%emt 0:00:27]} O-O-O {[%emt 0:03:26]} 18. dxe5 {[%emt 0:04:43]} dxe5 {[%emt 0:00:56]} 19. Kb2 {[%emt 0:04:21]} b6 {[%emt 0:06:40]} 20. Rhe1 {[%emt 0:07:48]} Kb7 {[%emt 0:04:28]} 21. Nh2 {[%emt 0:02:03]} a5 {[%emt 0:02:56]} 22. Nf1 {[%emt 0:02:42]} Nf4 {[%emt 0:06:32]} 23. Bxf4 {[%emt 0:02:37]} gxf4 {[%emt 0:00:06]} 24. Rd3 {[%emt 0:01:55]} Rxd3 {[%emt 0:01:52]} 25. Qxd3 {[%emt 0:00:02]} Qd7 {[%emt 0:00:22]} 26. Qxd7+ {[%emt 0:02:47]} Bxd7 {[%emt 0:00:05]} 27. Kc2 {[%emt 0:02:59]} h5 {[%emt 0:01:05]} 28. f3 {[%emt 0:00:07]} hxg4 {[%emt 0:00:34]} 29. hxg4 {[%emt 0:00:06]} Rh8 {[%emt 0:00:11]} 30. Kd2 {[%emt 0:00:15]} a4 {[%emt 0:02:27]} 31. Ke2 {[%emt 0:02:11]} axb3 {[%emt 0:00:35]} 32. axb3 {[%emt 0:00:01]} Be6 {[%emt 0:00:09]} 33. Rb1 {[%emt 0:01:07]} b5 {[%emt 0:01:06]} 34. Rb2 {[%emt 0:00:36]} c5 {[%emt 0:01:08]} 35. Rb1 {[%emt 0:00:16]} c4 {[%emt 0:01:04]} 36. b4 {[%emt 0:00:46]} Ra8 {[%emt 0:03:17]} 37. Rb2 {[%emt 0:00:23]} Ra1 {[%emt 0:01:40]} 38. Rc2 {[%emt 0:00:21]} Kc7 {[%emt 0:00:31]} 39. Kf2 {[%emt 0:00:22]} Kd6 {[%emt 0:00:19]} 40. Kg2 {[%emt 0:02:21]} Ke7 {[%emt 0:00:10]} 41. Nh2 {[%emt 0:00:32]} Kf7 {[%emt 0:00:10]} 42. Nf1 {[%emt 0:01:24]} Kg6 {[%emt 0:00:10]} 43. Nh2 {[%emt 0:00:35]} Kg5 {[%emt 0:00:58]} 44. Nf1 {[%emt 0:00:07]} Rd1 {[%emt 0:01:29]} 45. Kf2 {[%emt 0:00:25]} Rd3 {[%emt 0:03:29]} 46. Rc1 {[%emt 0:01:04]} Bc8 {[%emt 0:00:36]} 47. Kg2 {[%emt 0:00:24]} Kh4 {[%emt 0:01:07]} 48. Rc2 {[%emt 0:00:17]} Bxg4 {[%emt 0:02:14]} 49. fxg4 {[%emt 0:00:13]} f3+ {[%emt 0:00:06]} 50. Kf2 {[%emt 0:01:28]} Kxg4 {[%emt 0:00:06]} 51. Rd2 {[%emt 0:01:06]} Kf4 {[%emt 0:02:24]} 52. Rxd3 {[%emt 0:01:45]} cxd3 {[%emt 0:00:06]} 53. Nd2 {[%emt 0:00:13]} f5 {[%emt 0:00:06]} 54. exf5 {[%emt 0:00:20]} e4 {[%emt 0:00:06]} 55. Nf1 {[%emt 0:00:46]} d2 {[%emt 0:00:20]} 56. Ne3 {[%emt 0:00:09]} Kg5 {[%emt 0:01:42]} 57. Nd1 {[%emt 0:01:33]} Kxf5 {[%emt 0:01:17]} 58. Ke3 {[%emt 0:00:04]} Ke5 {[%emt 0:00:46]} 59. Kxd2 {[%emt 0:00:37]} Kf4 {[%emt 0:02:13]} 60. Ne3 {[%emt 0:00:19]} Kg3 {[%emt 0:01:50]} 61. Ke1 {[%emt 0:00:13]} Kh3 {[%emt 0:02:48]} 62. Kf2 {[%emt 0:00:07]} Kh4 {[%emt 0:00:14]} 63. c4 {[%emt 0:00:11]} 1-0

[Event "XI Paracin Festival 2018"]
[Site "Paracin"]
[Date "2018.07.13"]
[Round "9"]
[White "Tomic, Aleksandar"]
[Black "Atalik, Suat"]
[Result "1/2-1/2"]
[WhiteElo "2347"]
[BlackElo "2509"]
[Annotator "RC"]
[PlyCount "144"]
[EventDate "2018.07.06"]
[EventType "swiss"]
[EventCountry "SRB"]
[SourceTitle "playchess.com"]
[Source "ChessBase"]
[SourceQuality "1"]
[TimeControl "5400+30"]

1. d4 {[%emt 0:00:00]} d5 {[%emt 0:00:00]} 2. c4 {[%emt 0:00:43]} e6 {[%emt 0:00:31]} 3. Nf3 {[%emt 0:01:14]} c6 {[%emt 0:00:39]} 4. Qc2 {[%emt 0:01:41]} Nf6 {[%emt 0:00:43]} 5. g3 {[%emt 0:03:02]} dxc4 {[%emt 0:01:07]} 6. Qxc4 {[%emt 0:00:56]} b5 {[%emt 0:00:08]} 7. Qc2 {[%emt 0:02:22]} Bb7 {[%emt 0:00:48]} 8. Bg2 {[%emt 0:01:33]} Nbd7 {[%emt 0:01:42]} 9. Nc3 {[%emt 0:07:49]} c5 {[%emt 0:04:08]} 10. O-O {[%emt 0:07:55]} b4 {[%emt 0:05:55]} 11. Na4 {[%emt 0:07:19]} Rc8 {[%emt 0:00:23]} 12. Nxc5 {[%emt 0:05:16]} Nxc5 {[%emt 0:00:13]} 13. dxc5 {[%emt 0:00:14]} Bxc5 {[%emt 0:00:07]} 14. Qa4+ {[%emt 0:05:34]} Bc6 {[%emt 0:02:31]} 15. Qa6 {[%emt 0:01:03]} O-O {[%emt 0:00:28]} 16. Bg5 {[%emt 0:02:08]} Qb6 {[%emt 0:05:05]} 17. Qxb6 {[%emt 0:00:50]} axb6 {[%emt 0:00:05]} 18. Bxf6 {[%emt 0:02:33]} gxf6 {[%emt 0:00:06]} 19. Rfd1 {[%emt 0:03:52]} Rfd8 {[%emt 0:00:41]} 20. Ne1 {[%emt 0:03:00]} Bb5 {[%emt 0:02:43]} 21. Kf1 {[%emt 0:03:24]} Bd4 {[%emt 0:03:31]} 22. Rab1 {[%emt 0:01:52]} f5 {[%emt 0:04:10]} 23. Bb7 {[%emt 0:07:01]} Rc7 {[%emt 0:04:03]} 24. Bg2 {[%emt 0:03:48]} Rcd7 {[%emt 0:03:09]} 25. Nc2 {[%emt 0:03:44]} Bc5 {[%emt 0:08:11]} 26. Rxd7 {[%emt 0:00:17]} Rxd7 {[%emt 0:00:06]} 27. Ke1 {[%emt 0:01:04]} Rc7 {[%emt 0:06:53]} 28. f4 {[%emt 0:16:14]} Kg7 {[%emt 0:03:54]} 29. Bf3 {[%emt 0:03:35]} f6 {[%emt 0:01:15]} 30. Rd1 {[%emt 0:01:18]} e5 {[%emt 0:01:18]} 31. e3 {[%emt 0:01:44]} Be7 {[%emt 0:04:52]} 32. Rd2 {[%emt 0:00:38]} Bc4 {[%emt 0:04:50]} 33. b3 {[%emt 0:00:38]} Be6 {[%emt 0:01:18]} 34. Kd1 {[%emt 0:00:38]} Rc3 {[%emt 0:00:38]} 35. Bd5 {[%emt 0:00:28]} Kf7 {[%emt 0:00:05]} 36. Bxe6+ {[%emt 0:00:42]} Kxe6 {[%emt 0:00:06]} 37. Ke1 {[%emt 0:01:06]} h5 {[%emt 0:02:55]} 38. h4 {[%emt 0:00:29]} Rc7 {[%emt 0:04:22]} 39. Kf2 {[%emt 0:00:28]} Bd6 {[%emt 0:00:55]} 40. Ne1 {[%emt 0:00:29]} Rc1 {[%emt 0:00:40]} 41. Rc2 {[%emt 0:00:59]} Ra1 {[%emt 0:01:37]} 42. Rd2 {[%emt 0:00:23]} Ke7 {[%emt 0:02:33]} 43. Nf3 {[%emt 0:00:13]} Rc1 {[%emt 0:00:27]} 44. Ne1 {[%emt 0:00:13]} Bc5 {[%emt 0:03:05]} 45. Ng2 {[%emt 0:00:46]} Ke6 {[%emt 0:01:49]} 46. Ke2 {[%emt 0:00:09]} b5 {[%emt 0:03:59]} 47. Kf2 {[%emt 0:00:19]} Bb6 {[%emt 0:01:27]} 48. Ke2 {[%emt 0:00:21]} Rc3 {[%emt 0:02:56]} 49. Kf2 {[%emt 0:00:22]} Bc5 {[%emt 0:00:44]} 50. Ke2 {[%emt 0:00:08]} Ba7 {[%emt 0:00:19]} 51. Kf2 {[%emt 0:00:08]} Ke7 {[%emt 0:00:12]} 52. Ke2 {[%emt 0:00:08]} Bb6 {[%emt 0:00:29]} 53. Rd5 {[%emt 0:02:17]} Rc2+ {[%emt 0:01:31]} 54. Kf1 {[%emt 0:00:41]} exf4 {[%emt 0:02:57]} 55. Nxf4 {[%emt 0:00:46]} Bxe3 {[%emt 0:00:34]} 56. Rxf5 {[%emt 0:00:34]} Bxf4 {[%emt 0:02:03]} 57. Rxf4 {[%emt 0:00:32]} Rxa2 {[%emt 0:01:08]} 58. Rxb4 {[%emt 0:00:05]} f5 {[%emt 0:00:15]} 59. Rxb5 Kf6 {[%emt 0:00:22]} 60. Rc5 {[%emt 0:01:24]} Rb2 {[%emt 0:00:50]} 61. Rc3 {[%emt 0:00:28]} Ke5 62. Ke1 {[%emt 0:00:45]} Ke4 {[%emt 0:02:21]} 63. Kd1 {[%emt 0:00:21]} Rg2 {[%emt 0:01:16]} 64. Kc1 {[%emt 0:00:29]} Kd4 {[%emt 0:00:40]} 65. Rf3 {[%emt 0:00:08]} Ke4 {[%emt 0:00:13]} 66. Rf4+ {[%emt 0:00:22]} Ke5 {[%emt 0:00:05]} 67. Rf3 {[%emt 0:00:09]} Ke4 {[%emt 0:00:52]} 68. Rc3 {[%emt 0:00:14]} Kd4 {[%emt 0:00:21]} 69. Rf3 {[%emt 0:00:21]} Ke4 {[%emt 0:00:16]} 70. Rc3 {[%emt 0:00:14]} Kd4 {[%emt 0:00:15]} 71. Rf3 {[%emt 0:00:13]} Ke4 72. Rc3 {[%emt 0:00:11]} Ke5 1/2-1/2